<?xml version="1.0" encoding="UTF-8"?>
<collection xmlns="http://www.loc.gov/MARC21/slim">
    <record>
        <controlfield tag="001">71049</controlfield>
        <controlfield tag="005">20190214135733.0</controlfield>
        <datafield tag="020" ind1=" " ind2=" ">
            <subfield code="a">978-84-16723-09-6</subfield>
        </datafield>
        <datafield tag="024" ind1="7" ind2=" ">
            <subfield code="2">doi</subfield>
            <subfield code="a">10.26754/uz.978-84-16723-09-6</subfield>
        </datafield>
        <datafield tag="037" ind1=" " ind2=" ">
            <subfield code="a">BOOK-2018-018</subfield>
        </datafield>
        <datafield tag="041" ind1=" " ind2=" ">
            <subfield code="a">spa</subfield>
        </datafield>
        <datafield tag="100" ind1=" " ind2=" ">
            <subfield code="a">Departamento de Ciencias de la Tierra. Universidad de Zaragoza</subfield>
            <subfield code="b">-</subfield>
        </datafield>
        <datafield tag="245" ind1=" " ind2=" ">
            <subfield code="a">Conferencias y Seminarios del Doctorado en Geología (10. 2018. Zaragoza)</subfield>
        </datafield>
        <datafield tag="260" ind1=" " ind2=" ">
            <subfield code="a">Zaragoza</subfield>
            <subfield code="b">Universidad de Zaragoza</subfield>
            <subfield code="c">2018</subfield>
        </datafield>
        <datafield tag="300" ind1=" " ind2=" ">
            <subfield code="a">127</subfield>
        </datafield>
        <datafield tag="520" ind1=" " ind2=" ">
            <subfield code="a">Durante el curso 2017/18 se ha desarrollado la Décima Edición de las Actividades propias del Programa de Doctorado de Geología (PDG). Estas actividades incluyen un ciclo de conferencias y sesiones de seminarios en las que los doctorandos exponen y debaten (durante 15 minutos) los avances y resultados más significativos de sus respectivos trabajos de investigación. Siguiendo la tradición de años anteriores, en este libro publicamos los resúmenes de 15 de las exposiciones que se hicieron a lo largo de las tres sesiones de seminarios, que tuvieron lugar el 14/12/17, el 15/03/18 y el 3/05/18. Los resúmenes que se presentan a continuación reflejan el estado de la investigación doctoral que se realizó a lo largo del curso en diferentes líneas de investigación del PDG. Estos trabajos se vienen desarrollando en diferentes instituciones científicas aragonesas: las seis áreas del Departamento de Ciencias de la Tierra (Universidad de Zaragoza-IUCA), el Instituto Pirenaico de Ecología (CSIC), la Estación Experimental Aula Dei (CSIC) y el Instituto Geológico y Minero de España (IGME). El ciclo de conferencias programado para el curso 17/18 consistió en siete conferencias, cuyo objetivo principal fue que los doctorandos conocieran la actividad investigadora que se realiza en las diversas instituciones involucradas en el impartición del PDG. De esta manera, cada grupo designó a un conferenciante, que expuso los objetivos, métodos y resultados obtenidos en su línea de investigación. Las fechas, títulos y ponentes de las conferencias fueron las siguientes:</subfield>
        </datafield>
        <datafield tag="540" ind1=" " ind2=" ">
            <subfield code="9">info:eu-repo/semantics/openAccess $a Esta obra está sujeta a una licencia de uso Creative Commons. Se permite la reproducción total o parcial, la distribución, la comunicación pública de la obra y la creación de obras derivadas, siempre que no sea con finalidades comerciales, y sempre que se reconzca la autoria de la obra original. $u https://creativecommons.org/licenses/by-nc/4.0/</subfield>
        </datafield>
        <datafield tag="655" ind1=" " ind2="4">
            <subfield code="a">info:eu-repo/semantics/publishedVersion</subfield>
        </datafield>
        <datafield tag="655" ind1=" " ind2="4">
            <subfield code="a">info:eu-repo/semantics/book</subfield>
        </datafield>
        <datafield tag="856" ind1="0" ind2=" ">
            <subfield code="f">zaguan@unizar.es</subfield>
        </datafield>
        <datafield tag="856" ind1="4" ind2=" ">
            <subfield code="s">5149607</subfield>
            <subfield code="u">http://zaguan.unizar.es/record/71049/files/BOOK-2018-018.pdf</subfield>
            <subfield code="z">Texto completo</subfield>
        </datafield>
        <datafield tag="909" ind1="C" ind2="O">
            <subfield code="o">oai:zaguan.unizar.es:71049</subfield>
            <subfield code="p">books</subfield>
        </datafield>
        <datafield tag="980" ind1=" " ind2=" ">
            <subfield code="a">BOOK</subfield>
            <subfield code="b">CONYJOR</subfield>
        </datafield>
    </record>

    
</collection>